Govt. of
Madhya Pradesh

Hindu Nationalism In India (Record no. 65992)

MARC details
000 -LEADER
fixed length control field 00243nam a22001097a 4500
082 ## - DEWEY DECIMAL CLASSIFICATION NUMBER
Classification number 320/RAM
100 ## - MAIN ENTRY--AUTHOR NAME
Personal name Raman,Dr,R
245 ## - TITLE STATEMENT
Title Hindu Nationalism In India
260 ## - PUBLICATION, DISTRIBUTION, ETC. (IMPRINT)
Place of publication Delhi
Name of publisher Keshav Books
Year of publication 2018
650 ## - SUBJECT ADDED ENTRY--TOPICAL TERM
Topical Term Political
942 ## - ADDED ENTRY ELEMENTS (KOHA)
Koha item type Books
Holdings
Withdrawn status Lost status Damaged status Not for loan Home library Current library Date acquired Cost, normal purchase price Full call number Accession Number Price effective from Koha item type
        MACL MACL 09/03/2023 995.00 320/RAM CRE040272 09/03/2023 Books